Normal view
MARC view
Entry Topical Term
001 - CONTROL NUMBER
- control field: 22774
003 - CONTROL NUMBER IDENTIFIER
- control field: ARRUPE
005 - DATE AND TIME OF LATEST TRANSACTION
- control field: 20160307145154.0
008 - FIXED-LENGTH DATA ELEMENTS
- fixed length control field: 160307|| aca||aabn | a|a d
040 ## - CATALOGING SOURCE
- Original cataloging agency: ARRUPE
- Transcribing agency: ARRUPE
150 ## - HEADING--TOPICAL TERM
- Topical term or geographic name as entry element:
- Topical term following geographic name as entry element: Law-psychological aspects
670 ## - SOURCE DATA FOUND
- Source citation: Work cat.: (ARRUPE)67559: Robbe-Grillet, Alain 22228, Jealousy & In the labyrinth